| 000 | 00583nam a2200193 a 4500 | ||
|---|---|---|---|
| 001 | 3298 | ||
| 003 | CDMR | ||
| 005 | 20130416193002.0 | ||
| 008 | 130130s1961||||||||||||||||||||||||||||d | ||
| 040 |
_aCDMR _bcat _cCDMR |
||
| 100 | 1 |
_aArbois, Janick _92385 |
|
| 245 | 1 | 0 |
_aRadio-Televisión para Cristo _b: historia de la radio y de la televisión católicas _cJanick Arbois i R.P.Pichard |
| 260 |
_aAndorra _c1961 _bCasal i Vall |
||
| 300 |
_a154 p ; _c19 cm |
||
| 490 | 0 |
_aYo sé-Yo creo _v132 |
|
| 650 | 0 | 4 |
_aPremsa catòlica _93100 |
| 650 | 0 | 4 |
_92387 _aRàdio _xHistòria |
| 942 |
_cMON _2udc |
||
| 999 |
_c3298 _d3298 |
||